000 00440nam a2200181Ia 4500
008 230524s9999 xx 000 0 und d
020 _a9788131725863
082 _a621.382
_bJOB
100 _aDavid Jobber
245 0 _aSelling and Sales Management
250 _a7TH
260 _aNEW DELHI
_bPearson
_c2009
300 _aXI;514
500 _aQuantity Number: 4
650 _aManagement
700 _a Geoff Lancaster
942 _cBK
999 _c45461
_d45461